=LDR 00000nam 2200000 4500 =001 INLIS000000000029212 =005 20130612131449 =008 ***********************************Ind** =035 ##$$0010-061300000029212 =041 ##$$a Ind =082 ##$$a 510 =090 ##$$a 510, Man r =100 ##$$a Mangunkusumo, Sarwoko =245 ##$$a Rasoma, ragam soal matematika, Sarwoko Mangunkusumo =260 ##$$a 2007 $b Yogyakarta =300 ##$$a viii, 214 hlm., ilus., 21 cm =650 ##$$a Matematika =850 ##$$a NBPNMAT